00644nam a2200205Ia 450000500170000000800410001702000140005804000190007204100120009108200150010310000150011824501040013325000110023726000540024830000190030250400500032165000360037165100210040785000100042820230804100049.0131103s9999 xx 000 0 und d a582026342 aLoreto College aEnglish a907.2bTOS aTosh, John 4aThe pursuit of Historyb Aims methods and new directions in the study of modern history cJohn Tosh a2nd ed aLondon and New YorkbLongmanc1991(12th imp 1998) a243p, 21.5 cm. aIncludes bibliographical references and index aHistory, Education and Research aHistoriography  aLCLIB